| 000 | 00897nam0a22002531 4500 | ||
|---|---|---|---|
| 001 | rc\4435222 | ||
| 005 | 20250611173222.0 | ||
| 021 |
_aRU _bРг2608-61 |
||
| 035 | _a(NLR Aleph) 008312784 | ||
| 090 |
_a8708021 _c8708021 |
||
| 100 | _a20130416d1960 |||y0rusy50 ca | ||
| 101 | 0 | _arus | |
| 102 | _aRU | ||
| 105 | _ay z ||||| | ||
| 200 | 1 |
_aИз опыта работы библиотек [Воронежской] области _e(Сборник статей) _fВоронеж. обл. упр. культуры. Обл. б-ка |
|
| 210 |
_aВоронеж _cБ. и. _d1960 |
||
| 215 |
_a44 л. разд. паг. _d30 |
||
| 300 | _aОтпеч. множит. аппаратом на одной стороне листа | ||
| 712 | 0 | 2 | _aВоронежская обл. б-ка |
| 801 | 0 |
_aRU _bNLR _gpsbo |
|
| 801 | 1 |
_aRU _bELAR _2rusmarc |
|
| 852 |
_aNLR _jБт 6600/И32 |
||
| 942 | _cBOOK | ||
| 980 | _aNB | ||